000 01166cad a22001935a 4500
001 L153029
008 110524s2011 xxk f 000 0 eng d
035 _a(Sirsi) u153029
041 0 _aeng
110 2 _aUnited Kingdom
_bDepartment for Business, Innovation and Skills
_95760
245 0 0 _aUpdate on the design of the Green Investment Bank
_h[electronic resource]
260 _c2011
520 _aProgress report on the Green Investment Bank (GIB) which sets out more detail on its governance and business model. Its initial remit will be to focus on green infrastructure assets, achieving green impact and making financial returns. The GIB hopes to accelerate private sector investment in the UK's transition to a green economy and the sectors likely to be eligible for intervention include offshore wind, non domestic energy and waste.
590 _aKA NTK
651 4 _aUnited Kingdom
690 _aENVIRONMENTAL AND LAND CONSULTANCY-ENERGY-ENERGY USE-ENERGY EFFICIENCY
856 4 0 _uhttps://www.bis.gov.uk/assets/biscore/business-sectors/docs/u/11-917-update-design-green-investment-bank.pdf
_zView the item free of charge at www.bis.gov.uk
942 _n0
999 _c112340
_d112340